DNA repair, genetic instability, and cancer / (Record no. 125788)
[ view plain ]
| 000 -LEADER | |
|---|---|
| fixed length control field | 00924cam a22003014a 4500 |
| 001 - CONTROL NUMBER | |
| control field | 14481164 |
| 005 - DATE AND TIME OF LATEST TRANSACTION | |
| control field | 20220314111752.0 |
| 008 - FIXED-LENGTH DATA ELEMENTS--GENERAL INFORMATION | |
| fixed length control field | 060804s2007 njua b 001 0 eng |
| 020 ## - INTERNATIONAL STANDARD BOOK NUMBER | |
| International Standard Book Number | 9812700145 |
| 020 ## - INTERNATIONAL STANDARD BOOK NUMBER | |
| International Standard Book Number | 9789812700148 |
| 040 ## - CATALOGING SOURCE | |
| Transcribing agency | PK-LaUMT |
| 082 00 - DEWEY DECIMAL CLASSIFICATION NUMBER | |
| Classification number | 616.994042 |
| Edition number | 22 |
| Item number | DNA |
| 245 00 - TITLE STATEMENT | |
| Title | DNA repair, genetic instability, and cancer / |
| Statement of responsibility, etc | editors, Qingyi Wei, Lei Li, and David J. Chen |
| 260 ## - PUBLICATION, DISTRIBUTION, ETC. (IMPRINT) | |
| Place of publication, distribution, etc | Hackensack, NJ : |
| Name of publisher, distributor, etc | World Scientific, |
| Date of publication, distribution, etc | 2007 |
| 300 ## - PHYSICAL DESCRIPTION | |
| Extent | xx, 353 p. : |
| Other physical details | ill. (some col.) ; |
| Dimensions | 24 cm. |
| 650 #0 - SUBJECT ADDED ENTRY--TOPICAL TERM | |
| Topical term or geographic name as entry element | DNA repair. |
| 650 #0 - SUBJECT ADDED ENTRY--TOPICAL TERM | |
| Topical term or geographic name as entry element | Cancer |
| General subdivision | Genetic aspects. |
| 650 12 - SUBJECT ADDED ENTRY--TOPICAL TERM | |
| Topical term or geographic name as entry element | Neoplasms |
| General subdivision | etiology. |
| 650 12 - SUBJECT ADDED ENTRY--TOPICAL TERM | |
| Topical term or geographic name as entry element | Neoplasms |
| General subdivision | genetics. |
| 650 22 - SUBJECT ADDED ENTRY--TOPICAL TERM | |
| Topical term or geographic name as entry element | DNA Damage |
| General subdivision | genetics. |
| 650 22 - SUBJECT ADDED ENTRY--TOPICAL TERM | |
| Topical term or geographic name as entry element | DNA Repair |
| General subdivision | genetics. |
| 650 22 - SUBJECT ADDED ENTRY--TOPICAL TERM | |
| Topical term or geographic name as entry element | DNA Repair-Deficiency Disorders. |
| 650 22 - SUBJECT ADDED ENTRY--TOPICAL TERM | |
| Topical term or geographic name as entry element | Genetic Predisposition to Disease. |
| 700 1# - ADDED ENTRY--PERSONAL NAME | |
| Personal name | Wei, Qingyi. |
| 700 1# - ADDED ENTRY--PERSONAL NAME | |
| Personal name | Li, Lei, |
| 700 1# - ADDED ENTRY--PERSONAL NAME | |
| Personal name | Chen, David, |
| 942 ## - ADDED ENTRY ELEMENTS (KOHA) | |
| Koha item type | Books |
| Withdrawn status | Lost status | Damaged status | Home library | Current library | Date acquired | Full call number | Barcode | Date last seen | Price effective from | Koha item type |
|---|---|---|---|---|---|---|---|---|---|---|
| UMT Health Sciences Campus | UMT Health Sciences Campus | 2022-03-14 | 616.994042 DNA | 142124 | 2022-03-14 | 2022-03-14 | Books |
